|
|
|
|
| LEADER |
01501nam a2200241 a 4500 |
| 001 |
0017468 |
| 003 |
BD-DhAAL |
| 008 |
091019r20072004ii b 000 0 eng d |
| 040 |
|
|
|a BD-DhAAL
|c BD-DhAAL
|
| 082 |
0 |
0 |
|a 340.072054
|2 22
|
| 100 |
1 |
|
|a Myneni, S. R.
|9 58516
|
| 245 |
1 |
0 |
|a Legal research methodology /
|c S. R. Myneni.
|
| 260 |
|
|
|a Faridabad, India :
|b Allahbad Law Agency,
|c 2004 [reprinted 2007].
|
| 300 |
|
|
|a 303 p. ;
|c 22 cm
|
| 504 |
|
|
|a Includes bibliographical references.
|
| 526 |
|
|
|a SOL
|x Saira Rahman Khan
Assistant Professor
School of Law
BRAC University
Course Name and No. : Legal Research and Methodology (Law 402)
|
| 541 |
1 |
|
|e 0017468, 0017469
|a D. S. Books International
|
| 650 |
|
0 |
|a Legal research
|z India.
|9 58517
|
| 852 |
4 |
|
|a Ayesha Abed Library
|c General Stacks
|
| 942 |
0 |
0 |
|0 1
|2 ddc
|c BK
|
| 999 |
|
|
|c 4726
|d 4726
|
| 952 |
|
|
|0 0
|1 0
|2 ddc
|4 0
|6 340_072054000000000_MYN_2007
|7 0
|9 4528
|a BRACUL
|b BRACUL
|c GEN
|d 2009-10-19
|e D. S. Books International
|l 14
|m 103
|o 340.072054 MYN
|p 3010017469
|r 2025-10-05
|s 2025-09-11
|t 2
|w 2009-10-19
|y BK
|x Requisitioned by Saira Rahman Khan (Assistant Professor) for the course named - "Legal Research and Methodology (Law 402)" ; USD 3.38
|
| 952 |
|
|
|0 0
|1 0
|2 ddc
|4 0
|6 340_072054000000000_MYN_2007
|7 0
|9 8420
|a BRACUL
|b BRACUL
|c GEN
|d 2010-03-03
|e D. S. Books International
|l 11
|m 113
|o 340.072054 MYN
|p 3010017468
|r 2025-06-18
|s 2025-02-11
|t 1
|w 2010-03-03
|y BK
|x Requisitioned by Saira Rahman Khan (Assistant Professor) for the course named - "Legal Research and Methodology (Law 402)" ; USD 3.38
|